| 000 | 00648nam a2200241Ia 4500 | ||
|---|---|---|---|
| 005 | 20260430150217.0 | ||
| 008 | 008 250103s9999 xx 000 0 eng d | ||
| 037 | _aTheses | ||
| 040 | _aCRL | ||
| 040 | _beng | ||
| 040 | _ceng | ||
| 041 | _2eng | ||
| 041 | _aeng | ||
| 084 | _qCRL | ||
| 100 |
_aUpadhyay Aakash Au.; Rai Suresh Chand Gu. _91236806 |
||
| 245 | 0 | _aClimate change and its impact on Water Resources and Agriculture | |
| 260 | _c2022 | ||
| 300 | _a357p. | ||
| 650 | _aGeography | ||
| 700 |
_aUniversity of Delhi. Faculty of Social Science. Depatment of Geography _91236796 |
||
| 942 | _cTH | ||
| 999 |
_c1849226 _d1849226 |
||